000 00279nam a22001337a 4500
008 181015b xxu||||| |||| 00| 0 eng d
020 _a9780471119463
041 _aeng
080 _a910
100 _a42
101 _aGJEO
245 _aGeography
_cBlij, H.J
942 _2udc
_cBK
999 _c49756
_d49756